书目信息 |
| 题名: |
外贸英语函电
|
|
| 作者: | 李俊香 , 王占九 主编 | |
| 分册: | ||
| 出版信息: | 北京 科学出版社 2016 |
|
| 页数: | 141页 | |
| 开本: | 26cm | |
| 丛书名: | ||
| 单 册: | ||
| 中图分类: | F75 | |
| 科图分类: | ||
| 主题词: | 对外贸易--英语--电报信函--写作--高等职业教育--教材 | |
| 电子资源: | ||
| ISBN: | 978-7-03-044530-8 | |
| 000 | 01039nam0 2200265 450 | |
| 001 | 012001003763 | |
| 005 | 20180926162839.07 | |
| 010 | @a978-7-03-044530-8@dCNY22.00 | |
| 100 | @a20160506d2016 em y0chiy50 ea | |
| 101 | 0 | @achi@aeng |
| 102 | @aCN@b110000 | |
| 105 | @aa z 000yy | |
| 106 | @ar | |
| 200 | 1 | @a外贸英语函电@9wai mao ying yu han dian@f李俊香,王占九主编 |
| 205 | @a2版 | |
| 210 | @a北京@c科学出版社@d2016 | |
| 215 | @a141页@c图@d26cm | |
| 300 | @a“十二五”职业教育国家规划教材 高职高专国际贸易类教材系列 | |
| 330 | @a本书内容主要包括国际贸易进出口业务中所涉及的各类主要信函,按照交易顺序分为六个项目:开发客户、磋商交易、签订合同、支付货款、履行合同及后续管理,各项目中又包含若干任务,每个任务包括知识链接、职场经验借鉴、业务初探、核心技能训练、能力迁移等几个部分。 | |
| 606 | 0 | @a对外贸易@x英语@x电报信函@x写作@x高等职业教育@j教材 |
| 690 | @aF75@v5 | |
| 701 | 0 | @a李俊香@9li jun xiang@4主编 |
| 701 | 0 | @a王占九@9wang zhan jiu@4主编 |
| 801 | 0 | @aCN@b上海新华@c20180901 |
| 905 | @b1165091-5@dF75@e60=2@f5 | |
| 外贸英语函电/李俊香,王占九主编.-2版.-北京:科学出版社,2016 |
| 141页:图;26cm |
| “十二五”职业教育国家规划教材 高职高专国际贸易类教材系列 |
| ISBN 978-7-03-044530-8:CNY22.00 |
| 本书内容主要包括国际贸易进出口业务中所涉及的各类主要信函,按照交易顺序分为六个项目:开发客户、磋商交易、签订合同、支付货款、履行合同及后续管理,各项目中又包含若干任务,每个任务包括知识链接、职场经验借鉴、业务初探、核心技能训练、能力迁移等几个部分。 |
| ● |
| 相关链接 |
|
|
|
|
正题名:外贸英语函电
索取号:F75/60=2
 
预约/预借
| 序号 | 登录号 | 条形码 | 馆藏地/架位号 | 状态 | 备注 |
| 1 | 1165091 | 211650916 | 第一样本阅览室/ [索取号:F75/60=2] | 在馆 | |
| 2 | 1165092 | 211650925 | 第一借阅区/ [索取号:F75/60=2] | 在馆 | |
| 3 | 1165093 | 211650934 | 密集书库-海洋学院/ [索取号:F75/60=2] | 在馆 | |
| 4 | 1165094 | 211650943 | 第一借阅区/ [索取号:F75/60=2] | 在馆 | |
| 5 | 1165095 | 211650952 | 第一借阅区/ [索取号:F75/60=2] | 在馆 |